[Event "SVK-ch Amateurs"]
[Site "Liptovsky Jan"]
[Date "2023.06.18"]
[Round "8"]
[White "Petrigacova, Daniela"]
[Black "Livnansky, Tomas"]
[Result "1-0"]
[WhiteElo "1798"]
[BlackElo "1465"]
[PlyCount "107"]
[EventDate "2023.06.15"]
[EventType "swiss"]
[EventRounds "8"]
[EventCountry "SVK"]
[SourceTitle "CBM 214 Extra"]
[Source "ChessBase"]
[SourceDate "2023.07.31"]
[SourceVersion "1"]
[SourceVersionDate "2023.07.31"]
[SourceQuality "1"]

1. e4 e5 2. Nf3 Nc6 3. Bb5 a6 4. Ba4 b5 5. Bb3 Nf6 6. Ng5 d5 7. exd5 Nd4 8. 0-0 Nxb3 9. axb3 Nxd5 10. Nf3 f6 11. h3 Bd6 12. Re1 0-0 13. d4 exd4 14. Nxd4 Nb6 15. Nxb5 Bh2+ 16. Kxh2 Qxd1 17. Rxd1 axb5 18. Rxa8 Nxa8 19. Be3 Bf5 20. Rd2 Kf7 21. Nc3 c6 22. g4 Bg6 23. f4 h5 24. f5 Bh7 25. Rd7+ Kg8 26. Kg2 hxg4 27. hxg4 g6 28. Bh6 Re8 29. Rg7+ Kh8 30. fxg6 Bg8 31. Rb7 Be6 32. Bg7+ Kg8 33. Bxf6 Bxg4 34. Rg7+ Kf8 35. Rh7 Be6 36. Bg7+ Ke7 37. Be5+ Kf8 38. Rh8+ Ke7 39. Rxe8+ Kxe8 40. Ne4 Nb6 41. Nf6+ Kd8 42. g7 Nd7 43. Nxd7 Kxd7 44. Kf3 Ke7 45. Ke4 Bd5+ 46. Kd4 Kf7 47. Kc5 Be4 48. c4 bxc4 49. bxc4 Kg8 50. b4 Bd3 51. Kxc6 Bxc4 52. b5 Kf7 53. b6 Be2 54. b7 1-0

[Event "SVK-ch Amateurs"]
[Site "Liptovsky Jan"]
[Date "2023.06.16"]
[Round "4"]
[White "Petrigacova, Daniela"]
[Black "Trangos, Miroslav"]
[Result "1-0"]
[WhiteElo "1798"]
[BlackElo "1961"]
[PlyCount "75"]
[EventDate "2023.06.15"]
[EventType "swiss"]
[EventRounds "8"]
[EventCountry "SVK"]
[SourceTitle "CBM 214 Extra"]
[Source "ChessBase"]
[SourceDate "2023.07.31"]
[SourceVersion "1"]
[SourceVersionDate "2023.07.31"]
[SourceQuality "1"]

1. e4 e6 2. d3 d5 3. Nc3 c5 4. Nf3 d4 5. Ne2 Nc6 6. g3 e5 7. Bg2 f5 8. Nd2 Nf6 9. 0-0 Bd6 10. f4 fxe4 11. Nxe4 Nxe4 12. Bxe4 0-0 13. Rf2 Bg4 14. Qf1 Qd7 15. Bd2 Bh3 16. Bg2 Be6 17. Re1 exf4 18. Nxf4 Bxf4 19. Bxf4 Rae8 20. a3 Bg4 21. Re4 Rxe4 22. Bxe4 Bh3 23. Qe2 Bg4 24. Qf1 Nd8 25. Bb8 Rxf2 26. Qxf2 b6 27. Qf4 Nf7 28. Qc7 Qxc7 29. Bxc7 Ng5 30. Bd5+ Kf8 31. Bb8 Ke7 32. h4 Bf3 33. Bxf3 Nxf3+ 34. Kf2 Nd2 35. Ke2 Nb1 36. Bxa7 Kd6 37. Bxb6 Kc6 38. Bd8 1-0

[Event "SVK-chT2A 2223"]
[Site "Slovakia"]
[Date "2022.11.27"]
[Round "6.8"]
[White "Shirinyan, Daniel"]
[Black "Petrigacova, Daniela"]
[Result "1-0"]
[WhiteElo "1963"]
[BlackElo "1809"]
[PlyCount "77"]
[EventDate "2022.10.08"]
[EventType "team-tourn"]
[EventRounds "11"]
[EventCountry "SVK"]
[SourceTitle "EXT 2024"]
[Source "ChessBase"]
[SourceDate "2023.10.10"]
[SourceVersion "1"]
[SourceVersionDate "2023.10.10"]
[SourceQuality "1"]
[WhiteTeam "Senec"]
[BlackTeam "Pezinok"]
[WhiteTeamCountry "SVK"]
[BlackTeamCountry "SVK"]

1. c4 e5 2. g3 c6 3. Nf3 e4 4. Nd4 Nf6 5. Bg2 d5 6. cxd5 Qxd5 7. e3 Bc5 8. d3 Bxd4 9. exd4 0-0 10. 0-0 Re8 11. dxe4 Nxe4 12. Re1 Bd7 13. Qc2 Bf5 14. g4 Bg6 15. Nc3 Nf6 16. Rxe8+ Nxe8 17. Qe2 Qd7 18. Bf4 h6 19. h4 Nf6 20. h5 Bh7 21. g5 hxg5 22. Bxg5 Qg4 23. Qxg4 Nxg4 24. Re1 Nd7 25. Re7 Bf5 26. Be4 Be6 27. d5 cxd5 28. Bxd5 Nc5 29. f3 Ne5 30. Be3 Ncd3 31. Rxb7 Bxd5 32. Nxd5 Nxf3+ 33. Kg2 Nfe5 34. b4 a6 35. a4 Nc4 36. Bc5 a5 37. Nc7 Rc8 38. Na6 Ncb2 39. Bd4 1-0

[Event "Bratislava Doprastav op"]
[Site "Bratislava"]
[Date "2013.07.04"]
[Round "8"]
[White "Macko, Peter"]
[Black "Petrigacova, Daniela"]
[Result "1-0"]
[WhiteElo "1754"]
[BlackElo "1818"]
[PlyCount "129"]
[EventDate "2013.06.28"]
[EventType "swiss"]
[EventRounds "9"]
[EventCountry "SVK"]
[SourceTitle "EXT 2015"]
[Source "ChessBase"]
[SourceDate "2014.11.20"]
[SourceVersion "1"]
[SourceVersionDate "2014.11.20"]
[SourceQuality "1"]

1. e4 e5 2. Nf3 Nf6 3. Nxe5 d6 4. Nf3 Nxe4 5. Nc3 Nxc3 6. dxc3 h6 7. Be3 Be7 8. Bd3 Nc6 9. Qd2 Bg4 10. Nd4 Nxd4 11. cxd4 d5 12. h3 Be6 13. 0-0-0 Qd7 14. Qa5 0-0 15. g4 b6 16. Qc3 Bf6 17. f4 Qd6 18. f5 Bd7 19. h4 Qg3 20. Qd2 Qxg4 21. Bxh6 Bxf5 22. Rdg1 Qxd4 23. Bxf5 Qxb2+ 24. Kd1 Qa1+ 25. Qc1 Qxc1+ 26. Kxc1 Rfe8 27. h5 Kh8 28. Bf4 c5 29. Rg2 Re7 30. Kd2 Rae8 31. Rhg1 Bd4 32. Rh1 Bf6 33. Rhg1 d4 34. Bg5 Bxg5+ 35. Rxg5 Re5 36. Bd3 Rxg5 37. Rxg5 Kg8 38. Rd5 Kf8 39. Rd7 a5 40. Rb7 Re6 41. Bc4 Rf6 42. Kc1 g6 43. hxg6 fxg6 44. Kb2 g5 45. Ka3 g4 46. Ka4 Rg6 47. Bd5 g3 48. Bg2 Rf6 49. Kb3 Rf2 50. Bd5 Rf5 51. Bg2 Rf2 52. Bd5 a4+ 53. Kxa4 Rxc2 54. Rxb6 c4 55. Rg6 Rxa2+ 56. Kb4 c3 57. Bxa2 c2 58. Rf6+ Ke7 59. Rf1 Kd6 60. Bb3 g2 61. Rg1 d3 62. Kc3 Ke5 63. Kxd3 Kf4 64. Kxc2 Ke3 65. Rxg2 1-0

[Event "Bratislava Doprastav op"]
[Site "Bratislava"]
[Date "2013.07.02"]
[Round "6"]
[White "Petrigacova, Daniela"]
[Black "Jambrich, Jaromir"]
[Result "1-0"]
[WhiteElo "1818"]
[BlackElo "1611"]
[PlyCount "37"]
[EventDate "2013.06.28"]
[EventType "swiss"]
[EventRounds "9"]
[EventCountry "SVK"]
[SourceTitle "EXT 2015"]
[Source "ChessBase"]
[SourceDate "2014.11.20"]
[SourceVersion "1"]
[SourceVersionDate "2014.11.20"]
[SourceQuality "1"]

1. e4 g6 2. d4 d6 3. Nc3 Bg7 4. Nf3 a6 5. Be3 b5 6. a4 b4 7. Nd5 a5 8. Bc4 c6 9. Nf4 Nf6 10. e5 Ng4 11. Ng5 d5 12. e6 Nxe3 13. exf7+ Kd7 14. fxe3 Bh6 15. Nfe6 Qb6 16. Bd3 Bxg5 17. Nxg5 c5 18. Nxh7 c4 19. Be2 1-0

[Event "Brezova op"]
[Site "Brezova pod Bradlom"]
[Date "2010.08.28"]
[Round "8"]
[White "Kimerling, Martin"]
[Black "Petrigacova, Daniela"]
[Result "1-0"]
[WhiteElo "1904"]
[BlackElo "1798"]
[PlyCount "127"]
[EventDate "2010.08.22"]
[EventType "swiss"]
[EventRounds "9"]
[EventCountry "SVK"]
[SourceTitle "CBM 138 Extra"]
[Source "ChessBase"]
[SourceDate "2010.10.29"]
[SourceVersion "1"]
[SourceVersionDate "2010.10.29"]
[SourceQuality "1"]

1. d4 Nf6 2. c4 g6 3. Nf3 Bg7 4. g3 d6 5. Bg2 0-0 6. 0-0 Nc6 7. Nc3 a6 8. h3 Rb8 9. e4 b5 10. cxb5 axb5 11. Qe2 b4 12. Na4 Na5 13. Bg5 Bd7 14. b3 Bb5 15. Qe3 Bxf1 16. Rxf1 Qd7 17. Rc1 c6 18. Nd2 Ne8 19. Nc4 Nxc4 20. Rxc4 f6 21. Bh6 Bxh6 22. Qxh6 e5 23. Qd2 Qb7 24. f4 exf4 25. gxf4 Ng7 26. e5 d5 27. Nc5 Qa7 28. Rc2 fxe5 29. fxe5 Nf5 30. Kh2 Ne7 31. e6 Rf5 32. Nd7 Rb7 33. h4 Rb5 34. Bh3 Qc7+ 35. Kg2 Rf4 36. h5 g5 37. Qe2 Qd6 38. h6 Rh4 39. Qf1 Rf4 40. Qd1 Ng6 41. Qh5 Rxd4 42. Rf2 Rd2 43. Qxg5 Rxf2+ 44. Kxf2 Qf4+ 45. Qxf4 Nxf4 46. Bf5 Ng6 47. Bxg6 hxg6 48. e7 Kf7 49. h7 Kxe7 50. h8Q Kxd7 51. Qg7+ Kd6 52. Qxg6+ Kc5 53. Qc2+ Kd6 54. Ke3 Ra5 55. Qb2 Ra8 56. Qf6+ Kc5 57. Qe7+ Kb6 58. Qxb4+ Kc7 59. a4 Re8+ 60. Kd2 Re4 61. Qc5 Rg4 62. a5 Rg2+ 63. Kd1 Rb2 64. Qb6+ 1-0

[Event "Brezova op"]
[Site "Brezova pod Bradlom"]
[Date "2010.08.22"]
[Round "1"]
[White "Petrigacova, Daniela"]
[Black "Pagerka, Martin"]
[Result "0-1"]
[WhiteElo "1798"]
[BlackElo "2215"]
[PlyCount "60"]
[EventDate "2010.08.22"]
[EventType "swiss"]
[EventRounds "9"]
[EventCountry "SVK"]
[SourceTitle "CBM 138 Extra"]
[Source "ChessBase"]
[SourceDate "2010.10.29"]
[SourceVersion "1"]
[SourceVersionDate "2010.10.29"]
[SourceQuality "1"]

1. e4 c5 2. Nf3 Nc6 3. d4 cxd4 4. Nxd4 e5 5. Nb5 d6 6. N1c3 a6 7. Na3 Be7 8. Nd5 b5 9. Be3 Rb8 10. Be2 Nf6 11. Nxf6+ gxf6 12. Bg4 Rg8 13. h3 Na5 14. b4 Nc6 15. c3 d5 16. Bf3 d4 17. Bd2 dxc3 18. Bxc3 Qxd1+ 19. Kxd1 Nxb4 20. Ke2 Be6 21. Bxb4 Bxb4 22. Nc2 Bc4+ 23. Ke3 Bc5+ 24. Kd2 Rd8+ 25. Ke1 Ke7 26. g3 Rd6 27. a3 a5 28. Rd1 Rgd8 29. Ne3 Rxd1+ 30. Nxd1 Bxa3 0-1

[Event "SVK-ch U20 Girls"]
[Site "Trencin"]
[Date "2009.06.30"]
[Round "3"]
[White "Kralova, Klaudia"]
[Black "Petrigacova, Daniela"]
[Result "1-0"]
[WhiteElo "1795"]
[BlackElo "1824"]
[PlyCount "51"]
[EventDate "2009.06.28"]
[EventType "tourn"]
[EventRounds "9"]
[EventCountry "SVK"]
[SourceTitle "CBM 131 Extra"]
[Source "ChessBase"]
[SourceDate "2009.09.03"]
[SourceVersion "2"]
[SourceVersionDate "2009.09.16"]
[SourceQuality "1"]

1. e4 g6 2. d4 Bg7 3. f4 d6 4. Nf3 Nf6 5. Nc3 0-0 6. Be2 c6 7. 0-0 b5 8. e5 dxe5 9. dxe5 Qb6+ 10. Qd4 c5 11. Qd3 c4+ 12. Qd4 Qxd4+ 13. Nxd4 b4 14. Bf3 bxc3 15. bxc3 Nfd7 16. Bxa8 Nb6 17. Bf3 Rd8 18. Ba3 e6 19. Rad1 Na4 20. Bb4 Nb2 21. Rb1 Na4 22. Be7 Re8 23. Rxb8 Nb6 24. Bf6 Nd7 25. Bc6 Nxb8 26. Bxe8 1-0

[Event "SVK-ch op-B"]
[Site "Zvolen"]
[Date "2008.07.08"]
[Round "4"]
[White "Petrigacova, Daniela"]
[Black "Malar, Pavol"]
[Result "0-1"]
[WhiteElo "1840"]
[BlackElo "2085"]
[PlyCount "58"]
[EventDate "2008.07.06"]
[EventType "swiss"]
[EventRounds "9"]
[EventCountry "SVK"]
[SourceTitle "EXT 2009"]
[Source "ChessBase"]
[SourceDate "2008.11.26"]
[SourceVersion "1"]
[SourceVersionDate "2008.11.26"]
[SourceQuality "1"]

1. e4 e6 2. d4 d5 3. Nd2 Nc6 4. Ngf3 Nf6 5. e5 Nd7 6. Be2 f6 7. exf6 Qxf6 8. Nb3 Bd6 9. Bg5 Qf7 10. Qd2 0-0 11. 0-0-0 a5 12. a4 Nb6 13. Bb5 Nb4 14. c3 c6 15. cxb4 cxb5 16. bxa5 bxa4 17. Nc5 Nc4 18. Qc2 Rxa5 19. Bd2 a3 20. bxa3 Rxa3 21. Bc3 b6 22. Nb3 Bd7 23. Ng5 Bf4+ 24. Bd2 Bxg5 25. Bxg5 Ba4 26. Rd3 Ra1+ 27. Nxa1 Bxc2 28. Nxc2 Qxf2 29. g3 Qf5 0-1

[Event "Wch U18 Girls"]
[Site "Kemer"]
[Date "2007.11.27"]
[Round "10"]
[White "Nadeau, Gabrielle"]
[Black "Petrigacova, Daniela"]
[Result "0-1"]
[WhiteElo "1653"]
[BlackElo "1850"]
[PlyCount "70"]
[EventDate "2007.11.18"]
[EventType "swiss"]
[EventRounds "11"]
[EventCountry "TUR"]
[SourceTitle "CBM 121 Extra"]
[Source "ChessBase"]
[SourceDate "2008.01.10"]
[SourceVersion "1"]
[SourceVersionDate "2008.01.10"]
[SourceQuality "1"]

1. d4 Nf6 2. Nf3 g6 3. c4 Bg7 4. Nc3 0-0 5. e4 d6 6. Bd3 e5 7. d5 Nbd7 8. Bg5 h6 9. Be3 Ng4 10. Qd2 Nxe3 11. fxe3 Nc5 12. Bc2 f5 13. exf5 gxf5 14. 0-0-0 a6 15. Kb1 Rb8 16. e4 fxe4 17. Nxe4 Nxe4 18. Bxe4 Bf5 19. Bxf5 Rxf5 20. Rdf1 Qf6 21. Qc1 b5 22. Nd2 Rxf1 23. Qxf1 Qg6+ 24. Kc1 bxc4 25. Nxc4 Rb5 26. Ne3 Qg5 27. Qf3 Rxb2 28. g3 Rxa2 29. Kb1 Ra1+ 30. Kc2 Rxh1 31. Qxh1 Qxe3 32. Qg2 e4 33. Qf1 Qc3+ 34. Kd1 Qb3+ 35. Ke2 Qxd5 0-1

[Event "Wch U18 Girls"]
[Site "Kemer"]
[Date "2007.11.22"]
[Round "5"]
[White "Exler, Veronika"]
[Black "Petrigacova, Daniela"]
[Result "1-0"]
[WhiteElo "2020"]
[BlackElo "1850"]
[PlyCount "89"]
[EventDate "2007.11.18"]
[EventType "swiss"]
[EventRounds "11"]
[EventCountry "TUR"]
[SourceTitle "CBM 121 Extra"]
[Source "ChessBase"]
[SourceDate "2008.01.10"]
[SourceVersion "1"]
[SourceVersionDate "2008.01.10"]
[SourceQuality "1"]

1. e4 e5 2. Nf3 Nf6 3. d4 exd4 4. e5 Ne4 5. Qxd4 d5 6. exd6 Nxd6 7. Nc3 Nc6 8. Qf4 Nf5 9. Bd3 Bd6 10. Qe4+ Nfe7 11. Bg5 f6 12. Bd2 Bf5 13. Qe3 Bxd3 14. Qxd3 Nb4 15. Qb5+ c6 16. Qa4 Na6 17. 0-0-0 0-0 18. Ne4 Qc7 19. Nxd6 Qxd6 20. Bf4 Qb4 21. Qxb4 Nxb4 22. Bd6 Nbd5 23. c4 Rfd8 24. Ba3 Kf7 25. cxd5 Nxd5 26. g3 Re8 27. Rhe1 Kg6 28. h3 Rad8 29. Kc2 a6 30. b3 Kf7 31. Nd2 b5 32. Bc5 g5 33. Ne4 Re6 34. Nc3 Rd7 35. Nxd5 cxd5 36. Rxe6 Kxe6 37. Re1+ Kf7 38. Kd3 h5 39. Kd4 a5 40. Re2 g4 41. h4 a4 42. bxa4 bxa4 43. Rb2 Rd8 44. Rb4 Re8 45. Kxd5 1-0

[Event "Wch U18 Girls"]
[Site "Kemer"]
[Date "2007.11.20"]
[Round "3"]
[White "Ikonomopoulou, Maria"]
[Black "Petrigacova, Daniela"]
[Result "1-0"]
[WhiteElo "2042"]
[BlackElo "1850"]
[PlyCount "65"]
[EventDate "2007.11.18"]
[EventType "swiss"]
[EventRounds "11"]
[EventCountry "TUR"]
[SourceTitle "CBM 121 Extra"]
[Source "ChessBase"]
[SourceDate "2008.01.10"]
[SourceVersion "1"]
[SourceVersionDate "2008.01.10"]
[SourceQuality "1"]

1. e4 e5 2. d4 exd4 3. Nf3 Nc6 4. Bc4 Bb4+ 5. c3 dxc3 6. bxc3 Be7 7. Qd5 Nh6 8. Bxh6 0-0 9. Be3 d6 10. Qd1 Bf6 11. Nd4 Ne5 12. Be2 Re8 13. 0-0 Ng6 14. Qc2 Qe7 15. Nd2 a6 16. Rae1 Qe5 17. f4 Qe7 18. Bc4 c5 19. Nf5 Qc7 20. Nf3 Bxf5 21. exf5 Ne7 22. g4 d5 23. g5 dxc4 24. gxf6 gxf6 25. Qe4 b5 26. Bf2 Rad8 27. Bh4 Nd5 28. Ne5 Rd6 29. Qg2+ Kh8 30. Ng6+ hxg6 31. Rxe8+ Kg7 32. fxg6 fxg6 33. Rfe1 1-0

[Event "SVK-ch op-A"]
[Site "Banska Stiavnica"]
[Date "2007.07.08"]
[Round "2.30"]
[White "Petrigacova, Daniela"]
[Black "Pacher, Milan"]
[Result "0-1"]
[WhiteElo "1878"]
[BlackElo "2255"]
[PlyCount "72"]
[EventDate "2007.07.07"]
[EventType "swiss"]
[EventRounds "9"]
[EventCountry "SVK"]
[SourceTitle "EXT 2010"]
[Source "ChessBase"]
[SourceDate "2010.11.25"]
[SourceVersion "1"]
[SourceVersionDate "2010.11.25"]
[SourceQuality "1"]

1. e4 c5 2. c3 d5 3. exd5 Qxd5 4. d4 Nf6 5. Nf3 Bg4 6. Be2 e6 7. Be3 cxd4 8. Bxd4 Nc6 9. 0-0 Be7 10. Bxf6 Qxd1 11. Rxd1 Bxf6 12. h3 Bh5 13. Na3 Be7 14. Nc4 f6 15. g4 Bf7 16. Nd6+ Bxd6 17. Rxd6 e5 18. Bb5 Ke7 19. Rad1 Rhd8 20. Rxd8 Rxd8 21. Rxd8 Nxd8 22. a3 Ne6 23. Bc4 Nf4 24. Bxf7 Kxf7 25. h4 Nd3 26. b4 b5 27. Kf1 Nb2 28. Nd2 Ke6 29. Ke2 Kd5 30. f3 Nc4 31. Nb1 e4 32. f4 e3 33. Kd3 g6 34. h5 gxh5 35. gxh5 f5 36. h6 a6 0-1

[Event "SVK-ch U18 Girls"]
[Site "Liptovsky Mikulas"]
[Date "2007.04.27"]
[Round "7"]
[White "Kahancova, Ivana"]
[Black "Petrigacova, Daniela"]
[Result "0-1"]
[WhiteElo "1551"]
[BlackElo "1928"]
[PlyCount "104"]
[EventDate "2007.04.22"]
[EventType "tourn"]
[EventRounds "7"]
[EventCountry "SVK"]
[SourceTitle "EXT 2008"]
[Source "ChessBase"]
[SourceDate "2007.11.25"]
[SourceVersion "1"]
[SourceVersionDate "2007.11.25"]
[SourceQuality "1"]

1. e4 e5 2. Nf3 Nf6 3. Nxe5 d6 4. Nf3 Nxe4 5. Nc3 Nxc3 6. dxc3 Be7 7. Bd3 0-0 8. 0-0 Nc6 9. Re1 Bf6 10. Be3 Ne5 11. Nxe5 Bxe5 12. Bd4 Bxd4 13. cxd4 Be6 14. c3 Qg5 15. Re3 Rfe8 16. Qc2 g6 17. Rae1 Bd7 18. a3 Bc6 19. Be4 d5 20. Bf3 Bd7 21. Re5 Rxe5 22. Rxe5 Bf5 23. Qd1 c6 24. Qe1 Kf8 25. Re2 Be6 26. Qd2 Qxd2 27. Rxd2 Re8 28. Re2 Bf5 29. Rxe8+ Kxe8 30. Kf1 Kd7 31. Ke2 h5 32. h4 Kd6 33. b4 b6 34. Ke3 c5 35. b5 Bc2 36. Kf4 f6 37. g4 hxg4 38. Kxg4 Bd3 39. h5 gxh5+ 40. Kxh5 Bxb5 41. Kg6 Ke6 42. Bg4+ Ke7 43. Bc8 cxd4 44. cxd4 Bd3+ 45. Kh5 a6 46. Kg4 a5 47. Bb7 Bc4 48. Kf3 b5 49. Bc8 b4 50. axb4 axb4 51. Bf5 Ba2 52. Ke3 b3 0-1

[Event "SVK-ch U20 Girls"]
[Site "Slovakia"]
[Date "2007.??.??"]
[Round "7"]
[White "Borosova, Zuzana"]
[Black "Petrigacova, Daniela"]
[Result "1-0"]
[WhiteElo "2206"]
[BlackElo "1887"]
[PlyCount "63"]
[EventDate "2007.01.27"]
[EventType "tourn"]
[EventRounds "9"]
[EventCountry "SVK"]
[SourceTitle "EXT 2008"]
[Source "ChessBase"]
[SourceDate "2007.11.25"]
[SourceVersion "1"]
[SourceVersionDate "2007.11.25"]
[SourceQuality "1"]

1. e4 e5 2. Nf3 Nf6 3. Nxe5 d6 4. Nf3 Nxe4 5. Nc3 Nxc3 6. dxc3 Be7 7. Bf4 0-0 8. Qd2 Nc6 9. 0-0-0 Bg4 10. Be2 Re8 11. h3 Bf5 12. g4 Be4 13. Rhg1 Bh4 14. Nxh4 Qxh4 15. Bg3 Qe7 16. Rde1 Qe6 17. Kb1 Qd5 18. Qc1 Ne5 19. f4 Nc4 20. Bxc4 Qxc4 21. Qd2 d5 22. f5 Qc6 23. Ref1 f6 24. g5 Re7 25. Bh4 fxg5 26. f6 Rf7 27. Bxg5 g6 28. h4 h5 29. Qd4 Qe6 30. Bh6 Kh7 31. Bg7 Qh3 32. Qd2 1-0

[Event "SVK-ch U20 Girls"]
[Site "Slovakia"]
[Date "2007.??.??"]
[Round "9"]
[White "Kantor, Reka"]
[Black "Petrigacova, Daniela"]
[Result "1/2-1/2"]
[WhiteElo "1783"]
[BlackElo "1887"]
[PlyCount "59"]
[EventDate "2007.01.27"]
[EventType "tourn"]
[EventRounds "9"]
[EventCountry "SVK"]
[SourceTitle "EXT 2008"]
[Source "ChessBase"]
[SourceDate "2007.11.25"]
[SourceVersion "1"]
[SourceVersionDate "2007.11.25"]
[SourceQuality "1"]

1. d4 Nf6 2. c4 g6 3. Nf3 Bg7 4. g3 d6 5. Bg2 0-0 6. b3 Nbd7 7. Bb2 c5 8. 0-0 Qc7 9. Nc3 a6 10. Rc1 Rb8 11. e3 b6 12. Qc2 Bb7 13. d5 Ba8 14. a4 Ng4 15. h3 Nge5 16. Nxe5 Nxe5 17. e4 e6 18. f4 Nd7 19. Ne2 e5 20. fxe5 Nxe5 21. Nf4 Qe7 22. Rce1 Qg5 23. Kh2 Bb7 24. Bc1 Qe7 25. Nd3 Bc8 26. Bf4 Bd7 27. Qd2 b5 28. axb5 axb5 29. Nxe5 Bxe5 30. Bxe5 1/2-1/2

[Event "SVK-ch U20 Girls"]
[Site "Slovakia"]
[Date "2007.??.??"]
[Round "4"]
[White "Petrigacova, Daniela"]
[Black "Motycakova, Monika"]
[Result "1/2-1/2"]
[WhiteElo "1887"]
[BlackElo "1860"]
[PlyCount "143"]
[EventDate "2007.01.27"]
[EventType "tourn"]
[EventRounds "9"]
[EventCountry "SVK"]
[SourceTitle "EXT 2008"]
[Source "ChessBase"]
[SourceDate "2007.11.25"]
[SourceVersion "1"]
[SourceVersionDate "2007.11.25"]
[SourceQuality "1"]

1. e4 e5 2. Nf3 Nc6 3. d4 exd4 4. Nxd4 Nf6 5. Nxc6 bxc6 6. e5 Qe7 7. Qe2 Nd5 8. c4 Ba6 9. b3 g6 10. g3 Bg7 11. Bb2 0-0 12. Bg2 Rfe8 13. f4 f6 14. Qe4 Nb6 15. 0-0 fxe5 16. fxe5 d5 17. Qe3 Bxe5 18. Bxe5 Qxe5 19. Qxe5 Rxe5 20. Na3 Re2 21. Rf2 Rae8 22. Bf3 Rxf2 23. Kxf2 Bb7 24. cxd5 cxd5 25. Nb5 Rf8 26. Kg2 c6 27. Nd4 c5 28. Ne6 Rc8 29. Rc1 c4 30. bxc4 Rxc4 31. Rxc4 Nxc4 32. Nc7 Nb6 33. Kf2 Kf7 34. Nb5 Nc8 35. Nc7 Ne7 36. Nb5 Ba6 37. Nxa7 Ke6 38. Be2 Bc4 39. a4 Kd6 40. Nb5+ Kc5 41. Ke3 Kb4 42. Nd6 Bxe2 43. Kxe2 Kxa4 44. Kd3 Nc6 45. h4 Kb4 46. Nb7 Kb5 47. Nd6+ Kb6 48. Kc3 Ne7 49. Kd4 Kc6 50. Ne8 Nf5+ 51. Kd3 Nxg3 52. Nf6 h5 53. Kd4 Nf5+ 54. Ke5 d4 55. Ne4 Kb5 56. Kf6 Nxh4 57. Kg5 Nf3+ 58. Kxg6 h4 59. Kf5 h3 60. Nf2 Ng1 61. Kf4 h2 62. Kg3 Ne2+ 63. Kxh2 Kc4 64. Kg2 Nf4+ 65. Kf1 Kc3 66. Ne4+ Kd3 67. Nf2+ Ke3 68. Ng4+ Kf3 69. Nf2 Ng2 70. Nd3 Ke3 71. Nb4 Nf4 72. Nc2+ 1/2-1/2